000 00603nam a2200217 i 4500
001 bg
100 1 _aFRANKOWSKA, Maria
245 0 _aMitologia Azteków /
_cMaria Frankowska.
260 _aWarszawa :
_bWydaw-a Artystyczne i Filmowe,
_c1987.
300 _a346, [3] s., VIII s. tabl. kolor. :
_bfot., mapa, rys. ;
_c17 cm.
490 1 _aMitologie Świata
504 _aBibliogr. s. 335-338.
830 _aMitologie Świata
020 _a8322102801
040 _cBPK
041 _apol
080 _a299.7
920 _a83-221-0280-1
942 _cKS
008 s pl f |000 0 pol
999 _c23667
_d23667
856 _uhttp://koha.tu.koszalin.pl/cgi-bin/koha/opac-detail.pl?biblionumber=23667
_yKatalog online BPK